Most Guessed Countries - Europe - Statistics

General Stats
  • This quiz has been taken 108 times
    65 since last reset
  • The average score is 16 of 17
Answer Stats
% guessed Country % Correct
98% France
100%
98% United Kingdom
100%
97% Italy
98%
97 Spain
98%
97% Germany
97%
95% Portugal
97%
95% Sweden
97%
94% Norway
95%
95% Russia
95%
91% Denmark
93%
93% Greece
93%
95% Ireland
93%
93% Poland
93%
94% Finland
92%
91% Ukraine
85%
91% Belgium
83%
91% Iceland
81%
No matching quizzes found
Score Distribution
Percent of People with Each Score
Percentile by Number Answered
Your Score History
You have not taken this quiz since the last reset